000 00525pam a2200181 a 4500
020 _a0471570648 (acidfree paper)
050 0 0 _aHF5635
_b.W52 1993
100 1 _aWeygandt, Jerry J.
245 1 0 _aAccounting principles /
_cJerry J. Weygandt, Donald E. Kieso, Walter G. Kell.
250 _a3rd ed.
260 _aNew York :
_bWiley,
_cc1993.
300 _a1 v. (various pagings) :
500 _aIncludes indexes.
650 _xAccounting.
700 1 _aKieso, Donald E.
700 1 _aKell, Walter Gerry,
942 _2lcc
_cGEN
999 _c10847
_d10847